ՀՀ Գիտությունների ազգային ակադեմիայի հիմնարար գիտական գրադարան  =   Fundamental Scientific Library of NAS RA

Минимальная обработка черноземов и воспроизводство их плодородия / (Record no. 41218)

MARC details
000 -LEADER
fixed length control field 01141nam a2200277 a 4500
001 - CONTROL NUMBER
control field 000124734
003 - CONTROL NUMBER IDENTIFIER
control field AM-YEHGA
005 - DATE AND TIME OF LATEST TRANSACTION
control field 20250617122623.0
008 - FIXED-LENGTH DATA ELEMENTS--GENERAL INFORMATION
fixed length control field 950417s1990 ru ||||gr|||||||||0|rus|d
020 ## - INTERNATIONAL STANDARD BOOK NUMBER
International Standard Book Number 5100014229
040 ## - CATALOGING SOURCE
Original cataloging agency AM-YeHGA
041 0# - LANGUAGE CODE
Language code of text/sound track or separate title rus
090 ## - LOCALLY ASSIGNED LC-TYPE CALL NUMBER (OCLC); LOCAL CALL NUMBER (RLIN)
-- 41889
100 1# - MAIN ENTRY--PERSONAL NAME
Personal name Шикула, Николай Кондратьевич
245 10 - TITLE STATEMENT
Title Минимальная обработка черноземов и воспроизводство их плодородия /
Statement of responsibility, etc. Н.К. Шикула, Г.В. Назаренко.
260 ## - PUBLICATION, DISTRIBUTION, ETC.
Place of publication, distribution, etc. Москва :
Name of publisher, distributor, etc. Агропромиздат,
Date of publication, distribution, etc. 1990.
300 ## - PHYSICAL DESCRIPTION
Extent 318 с. ;
Dimensions 22 см.
500 ## - GENERAL NOTE
General note Предм. указ.: с. 318-319
504 ## - BIBLIOGRAPHY, ETC. NOTE
Bibliography, etc. note Библиогр.: с. 288-317
650 14 - SUBJECT ADDED ENTRY--TOPICAL TERM
Topical term or geographic name entry element Почвы черноземные - Обработка минимальная
650 14 - SUBJECT ADDED ENTRY--TOPICAL TERM
Topical term or geographic name entry element Почвы черноземные - Плодородие
650 14 - SUBJECT ADDED ENTRY--TOPICAL TERM
Topical term or geographic name entry element Черноземы - Обработка минимальная
650 14 - SUBJECT ADDED ENTRY--TOPICAL TERM
Topical term or geographic name entry element Черноземы - Плодородие
700 1# - ADDED ENTRY--PERSONAL NAME
Personal name Назаренко, Григорий Венедиктович
942 ## - ADDED ENTRY ELEMENTS (KOHA)
Source of classification or shelving scheme Universal Decimal Classification
Koha item type Գրքեր / Books
Holdings
Withdrawn status Lost status Source of classification or shelving scheme Damaged status Not for loan Collection Home library Current library Date acquired Total checkouts Full call number Barcode Date last seen Price effective from Koha item type Public note
    Universal Decimal Classification     General Fundamental Scientific Library Fundamental Scientific Library 21/12/2016   PII/621671 120621671 21/12/2016 21/12/2016 Գրքեր / Books 30 Days Loan


ՀՀ ԳԱԱ հիմնարար գիտական գրադարան
ՀՀ,Երևան 0019
Մարշալ Բաղրամյան 24/6
հեռախոս:(374-10) 52-47-50
Հետադարձ կապ

All site content, except where otherwise noted, is licensed under a
Creative Commons License